| 000 | 01702nam a2200457 i 4500 | ||
|---|---|---|---|
| 001 | 60701 | ||
| 003 | FINmELB | ||
| 005 | 20241217142116.0 | ||
| 006 | m o d | | ||
| 007 | cr cnu|||||||| | ||
| 008 | 190527s2018 ck ob 000 0 spa d | ||
| 020 |
_a9789581204502 _q(e-book) |
||
| 020 | _z9789581204496 | ||
| 035 | _a(OCoLC)1105454280 | ||
| 040 |
_aFINmELB _bspa _erda _cFINmELB |
||
| 050 | 4 |
_aLB1051 _b.P962 2018 |
|
| 080 | _a37.015.3 | ||
| 082 | 0 |
_a370.15 _223 |
|
| 245 | 0 | 0 |
_aProblemas contemporáneos en psicología educativa / _ceditor, Diego Efrén Rodríguez Cárdenas. |
| 264 | 1 |
_aChía : _bUniversidad de La Sabana, _c2018. |
|
| 300 | _a1 recurso en línea (256 páginas sin numerar) | ||
| 336 |
_atexto _btxt _2rdacontent/spa |
||
| 337 |
_acomputadora _bc _2rdamedia/spa |
||
| 338 |
_arecurso en línea _bcr _2rdacarrier/spa |
||
| 490 | 1 | _aColección Investigación | |
| 504 | _aIncluye bibliografía. | ||
| 588 | _aDescripción basada en metadatos suministrados por el editor y otras fuentes. | ||
| 590 | _aRecurso electrónico. Santa Fe, Arg.: elibro, 2020. Disponible vía World Wide Web. El acceso puede estar limitado para las bibliotecas afiliadas a elibro. | ||
| 650 | 4 | _aPsicología educativa. | |
| 650 | 4 | _aInvestigación educativa. | |
| 650 | 0 | _aEducational psychology. | |
| 650 | 0 |
_aEducation _xResearch. |
|
| 655 | 4 | _aLibros electrónicos. | |
| 700 | 1 |
_aRodríguez Cárdenas, Diego Efrén, _eeditor. |
|
| 797 | 2 | _aelibro, Corp. | |
| 830 | 0 | _aColección Investigación. | |
| 856 | 4 | 0 | _uhttps://elibro.net/ereader/politecnicointernacional/116742 |
| 999 |
_c60701 _d60701 |
||